Statistics for U.S. National Security Advisors by Picture

Click here to take the quiz!

General Stats

  • This quiz has been taken 2 times
  • The average score is 11 of 25

Answer Stats

Answer% Correct
Colin Powell
100%
John R. Bolton
100%
H. R. McMaster
100%
Brent Scowcroft
100%
Susan Rice
100%
Tom Donilon
100%
James Jones
100%
Condoleezza Rice
100%
Sandy Berger
50%
Henry Kissinger
50%
Zbigniew Brzezinski
50%
Michael Flynn
50%
Stephen Hadley
50%
Keith Kellogg
0%
William H. Jackson
0%
Anthony Lake
0%
Gordon Gray
0%
Frank Carlucci
0%
John Poindexter
0%
Robert McFarlane
0%
William P. Clark, Jr.
0%
Richard V. Allen
0%
Walt W. Rostow
0%
McGeorge Bundy
0%
Robert O'Brien
0%

Score Distribution

Percentile by Number Answered

Percent of People with Each Score

Your Score History

You have not taken this quiz